Maimónides esencial: una filosofía para judíos y gentiles

Сохранить в:
Библиографические подробности
Главный автор: Puig Montada, Josep (Автор)
Формат:
Язык:испанский
Опубликовано: Ediciones de Intervención Cultural 2011
Серии:Montesinos Esencial
Предметы:
Метки: Добавить метку
Нет меток, Требуется 1-ая метка записи!

MARC

LEADER 00000cam a2200000 a 4500
001 UCF2910
003 CL-VaPUC
008 120910e20110000SP |||||||||||||||||spa|d
020 |a 9788415216919 
082 0 4 |a 189  |b PUI  |2 21 
100 0 |a Puig Montada, Josep  |e author  |9 564745 
245 1 0 |a Maimónides esencial: una filosofía para judíos y gentiles 
300 |a 199 p 
942 |c BK 
945 |d 20120910 00:00:00  |a dcastane 
260 |b Ediciones de Intervención Cultural  |c 2011 
650 0 |a Filosofía judía   |9 265155 
650 0 |a Filosofía medieval  |9 256245 
650 0 |a Religión   |9 255164 
650 0 |a Escolasticismo  |9 264998 
650 0 |a Aristotelismo  |9 347069 
583 |a last modification  |c 20121008 06:48:42  |k Rodrigo Vera 
490 0 |a Montesinos Esencial 
999 |c 349448  |d 349446